[Event "Elit(LASK-Stockholms SS)"]
[Site "?"]
[Date "2018.11.09"]
[Round "1"]
[White "Ertan, Can"]
[Black "Hillarp Persson, Tiger"]
[Result "0-1"]
[WhiteElo "2431"]
[BlackElo "2544"]
[PlyCount "134"]
1. e4 c5 2. Nf3 e6 3. d4 cxd4 4. Nxd4 a6 5. Bd3 Bc5 6. Nb3 Be7 7. O-O d6 8. Be3
Nf6 9. a4 Nc6 10. a5 d5 11. Nc3 O-O 12. Bb6 Qe8 13. exd5 exd5 14. Re1 Be6 15.
Nc5 Qc8 16. Nxe6 fxe6 17. Qe2 Kf7 18. Na4 Re8 19. c4 Bb4 20. Nc3 Kg8 21. cxd5
exd5 22. Qc2 Kh8 23. Red1 Qe6 24. Ne2 Qe5 25. Qb3 Rf8 26. Ra4 Qd6 27. Ng3 g6
28. Be2 Bc5 29. Bf3 Bxb6 30. Qxb6 Rf7 31. Rad4 Rd8 32. R4d2 Ne5 33. Qxd6 Rxd6
34. Be2 Nc6 35. Ra1 Re7 36. Kf1 Kg7 37. Bf3 Ne5 38. Be2 d4 39. f4 Nc6 40. Bf3
Nd5 41. Bxd5 Rxd5 42. Ne2 d3 43. Nc1 Nxa5 44. Rxd3 Rf5 45. Ra4 Rc5 46. Rc3 Rxc3
47. bxc3 Nc6 48. Kf2 Kf6 49. Nb3 Ke6 50. Kf3 Kd5 51. c4+ Kd6 52. Ra1 Nb4 53.
Rd1+ Kc6 54. Rb1 b6 55. Nd4+ Kc5 56. Rxb4 a5 57. Rb1 Kxd4 58. Rxb6 Ra7 59. g4
a4 60. Rb1 a3 61. h4 a2 62. Ra1 Ra3+ 63. Kf2 Kxc4 64. f5 gxf5 65. gxf5 Kb3 66.
Rf1 a1=Q 67. Rxa1 Rxa1 0-1

[Event "Elit(Limhamn-Farsta)"]
[Site "?"]
[Date "2018.11.09"]
[Round "1"]
[White "Ernst, Thomas"]
[Black "Jepson, Christian"]
[Result "1-0"]
[WhiteElo "2333"]
[BlackElo "2413"]
[PlyCount "79"]
1. e4 d6 2. d4 Nf6 3. Nc3 g6 4. f4 Bg7 5. Nf3 O-O 6. Bd3 Nc6 7. e5 dxe5 8. fxe5
Nh5 9. Be3 Bg4 10. Be2 f6 11. exf6 exf6 12. Qd2 Ne7 13. h3 Bxf3 14. Bxf3 Ng3
15. Rg1 Ngf5 16. O-O-O Nxe3 17. Qxe3 Nf5 18. Qd3 Re8 19. Bxb7 Rb8 20. Be4 Bh6+
21. Kb1 Ne3 22. Rde1 Qd6 23. Rxe3 Bxe3 24. Qxe3 Kg7 25. Qd3 Rb4 26. Rd1 Rd8 27.
Nd5 Rbb8 28. c3 f5 29. Bf3 c5 30. dxc5 Qxc5 31. c4 Qd6 32. a3 a5 33. Ka2 a4 34.
Qc3+ Kf7 35. c5 Qe6 36. Re1 Rxb2+ 37. Kxb2 Rb8+ 38. Kc1 Rb3 39. Rxe6 Rxc3+ 40.
Nxc3 1-0

[Event "Elit(Vasteras-Wasa)"]
[Site "?"]
[Date "2018.11.09"]
[Round "1"]
[White "Cramling, Pia"]
[Black "Sjodahl, Pontus"]
[Result "1/2-1/2"]
[WhiteElo "2465"]
[BlackElo "2405"]
[PlyCount "131"]
1. Nf3 Nf6 2. c4 e6 3. g3 d5 4. d4 Bb4+ 5. Bd2 Bd6 6. Nc3 O-O 7. Bg5 c6 8. Bg2
Nbd7 9. e4 dxe4 10. Nxe4 Bb4+ 11. Kf1 Be7 12. Nxf6+ Bxf6 13. Bxf6 Qxf6 14. Qe2
c5 15. Rd1 cxd4 16. Nxd4 Nc5 17. Nb5 a6 18. Nc3 a5 19. Qe3 Nd7 20. h3 a4 21.
Kg1 Ra5 22. Kh2 h5 23. f4 Qe7 24. Ne4 Qb4 25. Qd2 Qb6 26. Rhe1 Nc5 27. Qd6 Qxd6
28. Rxd6 Nxe4 29. Rxe4 Re8 30. Re5 Rxe5 31. fxe5 f6 32. h4 Kf7 33. Bf3 g6 34.
Bd1 a3 35. Ba4 Re7 36. b4 fxe5 37. Rd3 e4 38. Rxa3 e5 39. Kg1 Kf6 40. Re3 Bf5
41. Kf2 b6 42. Bc6 Rc7 43. Bd5 Ra7 44. a3 Be6 45. Bxe4 Bxc4 46. Rf3+ Kg7 47.
Rc3 Be6 48. Ke3 Bf5 49. Bc6 Kf6 50. Bb5 Ke7 51. a4 Bd7 52. Bxd7 Kxd7 53. Ra3
Kd6 54. a5 bxa5 55. bxa5 Ra6 56. Ke4 Ke6 57. Ra1 Kf6 58. Ra2 Ke6 59. Ra3 Kf6
60. Kd5 Kf5 61. Kc5 Ke4 62. Kb5 Ra8 63. Kc5 Ra6 64. Kb5 Ra8 65. Kc5 Ra6 66. Kb5
1/2-1/2

[Event "Elit(LASK-Stockholms SS)"]
[Site "?"]
[Date "2018.11.09"]
[Round "1"]
[White "Holm, Kristian Stuvik"]
[Black "Lokander, Martin"]
[Result "1/2-1/2"]
[WhiteElo "2474"]
[BlackElo "2384"]
[PlyCount "90"]
1. c4 e6 2. d4 d5 3. Nc3 c6 4. Nf3 Nf6 5. Bg5 Nbd7 6. e3 Be7 7. Bd3 dxc4 8.
Bxc4 b5 9. Bd3 Bb7 10. a3 a6 11. b4 a5 12. Rb1 axb4 13. axb4 Ra3 14. Qc2 Bxb4
15. Rxb4 Qa5 16. Rb3 Ra1+ 17. Rb1 Rxb1+ 18. Qxb1 Qxc3+ 19. Ke2 O-O 20. Rc1 Qa3
21. e4 h6 22. Bd2 Ra8 23. Qb4 Qxb4 24. Bxb4 Ra4 25. Be7 e5 26. Nxe5 Nxe5 27.
dxe5 Nxe4 28. Ke3 Ng5 29. f4 Ne6 30. g3 Nc7 31. Bd6 Nd5+ 32. Kd2 b4 33. Bc4 Ba6
34. Bb3 Ra3 35. Kc2 Bc8 36. Kb2 Be6 37. Bxb4 Ra7 38. Bxd5 Bxd5 39. Ra1 Rb7 40.
Kc3 Kh7 41. f5 Rb5 42. Ra5 Rxa5 43. Bxa5 h5 44. Kd4 g6 45. fxg6+ Kxg6 1/2-1/2

[Event "Elit(Limhamn-Farsta)"]
[Site "?"]
[Date "2018.11.09"]
[Round "1"]
[White "Schneider, Stefan"]
[Black "Livner, Anders"]
[Result "1-0"]
[WhiteElo "2365"]
[BlackElo "2372"]
[PlyCount "79"]
1. d4 d5 2. c4 c6 3. cxd5 cxd5 4. Bg5 Nf6 5. Bxf6 gxf6 6. Nc3 e6 7. e3 Bd6 8.
Bd3 f5 9. Nf3 Nc6 10. Rc1 Bd7 11. O-O a6 12. Kh1 Rg8 13. Rg1 b5 14. Ne2 Ke7 15.
Nf4 Rc8 16. Bb1 Na5 17. b3 Qb6 18. Rxc8 Bxc8 19. Ne5 f6 20. Ned3 Qd8 21. Qh5
Rg7 22. Qh4 Qg8 23. Ne5 Rg5 24. Nfd3 Bb7 25. f4 Rg7 26. Nf3 Kf7 27. h3 Nc6 28.
Qh5+ Ke7 29. Kh2 b4 30. Nc5 Bxc5 31. dxc5 d4 32. e4 fxe4 33. Bxe4 f5 34. Qh4+
Ke8 35. Bd3 Ne7 36. Qf2 Nd5 37. Qxd4 Nc3 38. Qxb4 Nxa2 39. Qa4+ Kd8 40. c6 1-0

[Event "Elit(Vasteras-Wasa)"]
[Site "?"]
[Date "2018.11.09"]
[Round "1"]
[White "Vaarala, Eric"]
[Black "Wedberg, Tom"]
[Result "1/2-1/2"]
[WhiteElo "2320"]
[BlackElo "2443"]
[PlyCount "52"]
1. d4 Nf6 2. c4 e6 3. Nf3 c5 4. d5 d6 5. Nc3 exd5 6. cxd5 g6 7. Nd2 Nbd7 8. Nc4
Nb6 9. Ne3 Bg7 10. a4 Bd7 11. g3 O-O 12. Bg2 Rb8 13. O-O Ng4 14. Nxg4 Bxg4 15.
h3 Bd7 16. Bf4 Nc4 17. Qb3 Ne5 18. Ne4 b5 19. Nxd6 bxa4 20. Qe3 Rb3 21. Qxc5
Qb8 22. Rac1 Rxb2 23. Bxe5 Bxe5 24. Nc4 Rd8 25. Nxe5 Qxe5 26. Qxa7 Rxe2 1/2-1/2

[Event "Elit(LASK-Stockholms SS)"]
[Site "?"]
[Date "2018.11.09"]
[Round "1"]
[White "Seo, Jung Min"]
[Black "Dragicevic, Drazen"]
[Result "1/2-1/2"]
[WhiteElo "2360"]
[BlackElo "2344"]
[PlyCount "34"]
1. e4 c5 2. Nf3 d6 3. d4 cxd4 4. Nxd4 Nf6 5. Nc3 Bd7 6. Bg5 Nc6 7. Qd2 Nxd4 8.
Qxd4 Qa5 9. Bd2 e5 10. Qd3 Qb6 11. O-O-O Be7 12. Be3 Qa5 13. Kb1 O-O 14. Bd2
Qc5 15. Be3 Qa5 16. Bd2 Qc5 17. Be3 Qa5 1/2-1/2

[Event "Elit(Limhamn-Farsta)"]
[Site "?"]
[Date "2018.11.09"]
[Round "1"]
[White "Ong, Kezli"]
[Black "Lindgren, Philip"]
[Result "1/2-1/2"]
[WhiteElo "2330"]
[BlackElo "2379"]
[PlyCount "114"]
1. e4 c5 2. Nf3 d6 3. Bb5+ Nd7 4. O-O a6 5. Bd3 Ngf6 6. c3 Ne5 7. Nxe5 dxe5 8.
Be2 g6 9. d3 Bg7 10. Be3 Nd7 11. a4 b6 12. Na3 Bb7 13. b4 cxb4 14. cxb4 O-O 15.
Nc4 Rb8 16. Rc1 Ba8 17. Qb3 e6 18. Rc2 Qe7 19. b5 axb5 20. axb5 Rfc8 21. Ra1
Nc5 22. Qb4 Bf8 23. Nxe5 Qf6 24. Qb2 Bg7 25. f4 Qd8 26. Rac1 Nd7 27. Qd4 Rxc2
28. Rxc2 Nxe5 29. fxe5 Qe8 30. Qb2 Qd7 31. Bf1 h5 32. Rc1 Kh7 33. Be2 Qe7 34.
Qc3 Kg8 35. Bf3 Qd7 36. Rb1 Rc8 37. Qd4 Qc7 38. Qxb6 Qxe5 39. Qa6 Rd8 40. b6
Qd6 41. Rb3 Bd4 42. Bxd4 Qxd4+ 43. Kf1 Bb7 44. Qa2 Ra8 45. Qc2 Ra6 46. Be2 Rxb6
47. Rxb6 Qxb6 48. Qd2 Qd6 49. Qb2 Ba6 50. e5 Qd5 51. Qa3 Bb5 52. Qc3 Kg7 53. h3
Ba6 54. Kg1 Qa2 55. Bf1 Qb1 56. Qd2 Qb6+ 57. Qf2 Qd8 1/2-1/2

[Event "Elit(Vasteras-Wasa)"]
[Site "?"]
[Date "2018.11.09"]
[Round "1"]
[White "Sagit, Rauan"]
[Black "Norberg, Johan"]
[Result "1-0"]
[WhiteElo "2434"]
[BlackElo "2306"]
[PlyCount "119"]
1. Nf3 Nf6 2. g3 g6 3. Bg2 Bg7 4. O-O O-O 5. d3 Re8 6. c4 e5 7. Nc3 d6 8. Bd2
c6 9. Rc1 h6 10. b4 d5 11. cxd5 cxd5 12. d4 e4 13. Ne5 Ng4 14. Nxg4 Bxg4 15. h3
Be6 16. Na4 b6 17. e3 Qd7 18. Kh2 Nc6 19. Qb3 Rac8 20. Rc2 Ne7 21. Nc3 Nf5 22.
Rfc1 Nd6 23. Be1 Rc7 24. a4 Rec8 25. Bf1 Nc4 26. b5 Bf8 27. Nb1 f5 28. Be2 Qd6
29. Nd2 g5 30. Qa2 Na5 31. Rxc7 Rxc7 32. Rc2 Bf7 33. Qb1 Rxc2 34. Qxc2 Qa3 35.
Kg2 Qd6 36. Kg1 f4 37. Qc3 fxg3 38. fxg3 Be6 39. Bf1 Qa3 40. Qxa3 Bxa3 41. Nb1
Bd6 42. Kf2 Nb7 43. g4 Kf7 44. Be2 Ke7 45. Bd1 Na5 46. Nc3 Kd7 47. Ne2 Ke7 48.
Bc2 Ba3 49. Nc3 Kd7 50. Nd1 Kc7 51. Ke2 Kb7 52. Bxa5 bxa5 53. Bb3 Kc7 54. Nc3
Bb4 55. Nxe4 dxe4 56. Bxe6 Kd6 57. Bc8 Kd5 58. Bb7+ Kc4 59. Bxe4 Kb3 60. Bc6
1-0

[Event "Elit(LASK-Stockholms SS)"]
[Site "?"]
[Date "2018.11.09"]
[Round "1"]
[White "Ahlander, Bjorn"]
[Black "Arman, Deniz"]
[Result "1-0"]
[WhiteElo "2436"]
[BlackElo "2366"]
[PlyCount "93"]
1. d4 Nf6 2. c4 g6 3. Nc3 d5 4. Nf3 Bg7 5. Qb3 dxc4 6. Qxc4 O-O 7. e4 Nc6 8.
Be2 Bg4 9. d5 Na5 10. Qb4 Bxf3 11. Bxf3 c6 12. O-O cxd5 13. exd5 Rc8 14. Re1
Re8 15. Qd4 b6 16. Qd1 Nc4 17. a4 a6 18. Ra2 Qd6 19. b3 Ne5 20. Ba3 Nxf3+ 21.
Qxf3 Qd7 22. Rae2 Qf5 23. Ne4 Qxf3 24. gxf3 Nxe4 25. Rxe4 Red8 26. Rc4 Rxc4 27.
bxc4 e6 28. dxe6 fxe6 29. Rxe6 Rd3 30. Re3 Rd4 31. Re8+ Kf7 32. Re7+ Kf6 33.
Rb7 Rd2 34. Rxb6+ Kf5 35. Bc5 Rc2 36. Rxa6 Rxc4 37. Be3 Be5 38. Ra8 Bd4 39.
Rf8+ Ke5 40. Re8+ Kd5 41. Rd8+ Ke5 42. f4+ Ke4 43. Rxd4+ Rxd4 44. Bxd4 Kxd4 45.
Kg2 Kc4 46. Kg3 Kb4 47. Kg4 1-0

[Event "Elit(Limhamn-Farsta)"]
[Site "?"]
[Date "2018.11.09"]
[Round "1"]
[White "Penalver, Osmani"]
[Black "Hjelm, Niclas"]
[Result "1/2-1/2"]
[WhiteElo "2252"]
[BlackElo "2334"]
[PlyCount "131"]
1. d4 d5 2. c4 c6 3. Nf3 Nf6 4. Nc3 dxc4 5. a4 e6 6. e3 c5 7. Bxc4 Nc6 8. O-O
cxd4 9. exd4 Be7 10. Qe2 O-O 11. Rd1 Nb4 12. Ne5 Bd7 13. d5 exd5 14. Nxd5 Nbxd5
15. Bxd5 Nxd5 16. Rxd5 Bg4 17. Qc4 Qxd5 18. Qxd5 Rad8 19. Qb3 Rd1+ 20. Qxd1
Bxd1 21. Be3 Bb3 22. Bxa7 Ra8 23. Bb6 f6 24. Nd3 Rxa4 25. Rxa4 Bxa4 26. Nc5 Bc6
27. f3 Kf7 28. Kf2 Bd6 29. h3 g5 30. Ke3 Bf4+ 31. Kf2 h5 32. g3 Bd6 33. g4 h4
34. Ke3 Bf4+ 35. Kf2 Ke7 36. Nd3 Bd6 37. Nc5 Bg3+ 38. Ke3 Bf4+ 39. Kf2 Bh2 40.
Nd3 Ke6 41. Bd4 Bc7 42. Ke3 Bh2 43. Kf2 Bb5 44. Nc5+ Kd5 45. Be3 Bg3+ 46. Kg2
Bc6 47. b3 Bd6 48. Ne4 Be5 49. Bb6 Ke6 50. Nc5+ Kd6 51. Ne4+ Bxe4 52. fxe4 Kc6
53. Bd8 Kc5 54. Be7+ Kd4 55. Kf3 Kd3 56. b4 b5 57. Bc5 Bc3 58. Be7 Kc4 59. Ke2
Be5 60. Bc5 Bc3 61. Be7 Bd4 62. Bd6 Be5 63. Bc5 Bf4 64. Be7 Be5 65. Bc5 Bc3 66.
Be7 1/2-1/2

[Event "Elit(Vasteras-Wasa)"]
[Site "?"]
[Date "2018.11.09"]
[Round "1"]
[White "Bergstrom, Peter"]
[Black "Bellon Lopez, Juan"]
[Result "0-1"]
[WhiteElo "2297"]
[BlackElo "2342"]
[PlyCount "54"]
1. e4 c5 2. Nf3 e6 3. d4 cxd4 4. Nxd4 Nf6 5. Nc3 Nc6 6. Ndb5 Bc5 7. Nd6+ Ke7 8.
Nxc8+ Rxc8 9. Bd3 Qc7 10. Bg5 a6 11. O-O h6 12. Bh4 Ne5 13. Kh1 g5 14. Bg3 h5
15. f4 gxf4 16. Rxf4 h4 17. Bxh4 Rxh4 18. Rxh4 Rg8 19. Qd2 Nfg4 20. Rf1 Ne3 21.
Rf2 N3g4 22. Re2 Rg6 23. Nd1 Nxh2 24. Nf2 Nf1 25. Qf4 Ng3+ 26. Kg1 Nxe2+ 27.
Bxe2 Rf6 0-1

[Event "Elit(LASK-Stockholms SS)"]
[Site "?"]
[Date "2018.11.09"]
[Round "1"]
[White "Thorn, Eric"]
[Black "Kucuksari, Kaan"]
[Result "0-1"]
[WhiteElo "2293"]
[BlackElo "2327"]
[PlyCount "56"]
1. d4 Nf6 2. c4 e6 3. Nc3 Bb4 4. e3 O-O 5. Nge2 d5 6. a3 Be7 7. cxd5 exd5 8.
Nf4 c6 9. Bd3 Bd6 10. O-O Re8 11. Bc2 b6 12. f3 Ba6 13. Re1 Nbd7 14. e4 dxe4
15. fxe4 c5 16. e5 cxd4 17. exf6 Rxe1+ 18. Qxe1 dxc3 19. fxg7 Nf6 20. Qh4 Bc5+
21. Kh1 Ne4 22. Qxd8+ Rxd8 23. Nh3 Bd3 24. Bb3 Bd4 25. bxc3 Bxc3 26. Ra2 Bc4
27. Bxc4 Rd1+ 28. Ng1 Bd4 0-1

[Event "Elit(Limhamn-Farsta)"]
[Site "?"]
[Date "2018.11.09"]
[Round "1"]
[White "Hedin, Gunnar"]
[Black "Helgason, Reynir"]
[Result "1-0"]
[WhiteElo "2184"]
[BlackElo "2309"]
[PlyCount "61"]
1. f4 d5 2. Nf3 Bg4 3. e3 Nd7 4. h3 Bxf3 5. Qxf3 e5 6. Qxd5 Ngf6 7. Qf3 exf4 8.
d4 Bd6 9. e4 O-O 10. Bd3 c5 11. e5 Bxe5 12. dxe5 Nxe5 13. Qxf4 Nxd3+ 14. cxd3
Qxd3 15. Nc3 b5 16. Kf2 b4 17. Rd1 Qc2+ 18. Rd2 Qg6 19. Nd5 Ne4+ 20. Kg1 Rae8
21. Rd1 h6 22. Kh2 Ng5 23. Be3 Re4 24. Qg3 f5 25. h4 Qh7 26. Nf4 Nf7 27. Bxc5
Rc8 28. Rac1 g5 29. Nd5 f4 30. Qg4 Rxc5 31. Nf6+ 1-0

[Event "Elit(Vasteras-Wasa)"]
[Site "?"]
[Date "2018.11.09"]
[Round "1"]
[White "Moreau, Teodor"]
[Black "Eriksson, Anders"]
[Result "1-0"]
[WhiteElo "2320"]
[BlackElo "2239"]
[PlyCount "137"]
1. d4 Nf6 2. c4 e6 3. Nf3 Bb4+ 4. Bd2 Qe7 5. g3 O-O 6. Bg2 Bxd2+ 7. Qxd2 d6 8.
Nc3 e5 9. O-O Re8 10. e4 Bg4 11. Ne1 Nc6 12. Nc2 Nxd4 13. Nxd4 exd4 14. Qxd4
Qe5 15. Qd2 Bd7 16. Rfe1 Bc6 17. Rac1 Qa5 18. f3 Qb6+ 19. Qf2 Qxf2+ 20. Kxf2
Kf8 21. Nd5 Bxd5 22. cxd5 Re7 23. Rc4 Ke8 24. Rec1 Kd8 25. Bh3 g6 26. R1c3 Ne8
27. Rb4 b6 28. Ra4 Re5 29. Re3 Ng7 30. Rea3 f5 31. Bg2 fxe4 32. fxe4 a5 33. b4
Rb8 34. bxa5 bxa5 35. Rb3 Rxb3 36. axb3 Ne8 37. Rxa5 Nf6 38. Ra4 c6 39. dxc6
Kc7 40. Bf3 Kxc6 41. Ke3 Kb6 42. Rd4 Kc7 43. b4 g5 44. Kf2 g4 45. Bg2 Rh5 46.
Kg1 Re5 47. h3 gxh3 48. Bf3 Nd7 49. Kh2 Rg5 50. Kxh3 Ne5 51. Be2 Nc6 52. Rc4
Kb6 53. Kh4 Re5 54. g4 h6 55. Kg3 Ne7 56. Rd4 d5 57. Bf3 dxe4 58. Bxe4 Kb5 59.
Bd3+ Ka4 60. b5+ Ka5 61. Rd6 Nd5 62. Bc4 Nb6 63. Bd3 h5 64. Kf4 Rd5 65. Rxd5
Nxd5+ 66. Ke5 Nb4 67. gxh5 Nxd3+ 68. Kf6 Nf4 69. h6 1-0

[Event "Elit(LASK-Stockholms SS)"]
[Site "?"]
[Date "2018.11.09"]
[Round "1"]
[White "Mauritsson, Sebastian"]
[Black "Kassani, Sam"]
[Result "1/2-1/2"]
[WhiteElo "2315"]
[BlackElo "2213"]
[PlyCount "100"]
1. e4 c6 2. d4 d5 3. Nc3 dxe4 4. Nxe4 Bf5 5. Ng3 Bg6 6. h4 h6 7. Nf3 Nd7 8. h5
Bh7 9. Bd3 Bxd3 10. Qxd3 e6 11. Bd2 Ngf6 12. O-O-O Be7 13. Kb1 O-O 14. Ne4 Nxe4
15. Qxe4 Nf6 16. Qe2 Qd5 17. Ne5 Qe4 18. Qxe4 Nxe4 19. Be3 Rfd8 20. g4 c5 21.
f3 cxd4 22. Bxd4 Bc5 23. Bxc5 Nxc5 24. c3 Kf8 25. Kc2 Ke7 26. b4 Nd7 27. Nc4
Rac8 28. Nd6 Rc6 29. Nxb7 Rdc8 30. Rd3 Rb6 31. Nc5 Nxc5 32. bxc5 Rxc5 33. Rb1
Rxb1 34. Kxb1 g6 35. Kc2 gxh5 36. gxh5 Rxh5 37. c4 Rc5 38. Kc3 h5 39. Kb4 Rc8
40. c5 h4 41. Rd4 Rb8+ 42. Ka5 Rh8 43. Ka6 h3 44. Rd1 h2 45. Rh1 Kd7 46. Kb7
Rh5 47. c6+ Kd6 48. c7 Rb5+ 49. Kc8 Rc5 50. Kd8 Rxc7 1/2-1/2

[Event "Elit(Limhamn-Farsta)"]
[Site "?"]
[Date "2018.11.09"]
[Round "1"]
[White "Kabadayi, Can"]
[Black "Namini, Armin"]
[Result "1/2-1/2"]
[WhiteElo "2219"]
[BlackElo "2205"]
[PlyCount "72"]
1. d4 Nf6 2. c4 g6 3. Nf3 Bg7 4. g3 O-O 5. Bg2 d6 6. O-O Nbd7 7. Nc3 e5 8. h3
a6 9. e4 b5 10. cxb5 axb5 11. Re1 c6 12. d5 cxd5 13. Nxd5 Bb7 14. Nxf6+ Nxf6
15. Bg5 Ra4 16. Qb3 Qa8 17. Bxf6 Bxf6 18. Nd2 Qa5 19. Red1 Rb4 20. Qa3 Ra8 21.
Qxa5 Rxa5 22. Nb1 Be7 23. Nc3 Rxb2 24. Rab1 Rxb1 25. Rxb1 Bc6 26. Bf1 Ra3 27.
Rb3 b4 28. Rxa3 bxa3 29. Bc4 Bd8 30. Bd5 Ba5 31. Bxc6 Bxc3 32. g4 Kg7 33. Kg2
Kh6 34. h4 Kg7 35. Bd5 Be1 36. Kf3 Ba5 1/2-1/2

[Event "Elit(Vasteras-Wasa)"]
[Site "?"]
[Date "2018.11.09"]
[Round "1"]
[White "Pantzar, Milton"]
[Black "Grandell, Anders"]
[Result "1-0"]
[WhiteElo "2300"]
[BlackElo "2268"]
[PlyCount "85"]
1. d4 f5 2. Bg5 g6 3. Nc3 d5 4. h4 Bg7 5. Nh3 c6 6. Qd2 Nd7 7. f3 Nb6 8. e3 Be6
9. Nf4 Qd7 10. O-O-O O-O-O 11. Nd3 Nc4 12. Qe1 b6 13. b3 Nd6 14. Na4 Qc7 15.
Bf4 Kb8 16. h5 Bh6 17. Qc3 g5 18. Be5 Nf6 19. Nb4 Bc8 20. Nxc6+ Ka8 21. Nxd8
Qxd8 22. Nb2 Bb7 23. Kb1 Qd7 24. Qd2 Rc8 25. Bd3 g4 26. Bf4 Bf8 27. c3 e6 28.
Rc1 Qf7 29. h6 Qg6 30. Be2 Nh5 31. Be5 Nf7 32. Nd3 Bxh6 33. Nf4 Nxf4 34. Bxf4
gxf3 35. gxf3 Bxf4 36. exf4 h5 37. Rcg1 Qh6 38. Rh4 Rh8 39. Bd3 e5 40. dxe5
Nxe5 41. Qe3 Ng6 42. Qe6 Nxh4 43. Rg8+ 1-0

[Event "Elit(Rockaden,Umea-Eksjo)"]
[Site "?"]
[Date "2018.11.09"]
[Round "1"]
[White "Gdanski, Jacek"]
[Black "Nygren, David"]
[Result "1-0"]
[WhiteElo "2460"]
[BlackElo "2288"]
[PlyCount "57"]
[SourceDate "2018.11.12"]
1. Nf3 Nf6 2. c4 e6 3. g3 d5 4. Bg2 Be7 5. O-O O-O 6. d4 c5 7. cxd5 exd5 8. Nc3
Nc6 9. b3 Ne4 10. Bb2 Bf6 11. Na4 Re8 12. Rc1 b6 13. dxc5 Bxb2 14. Nxb2 bxc5
15. Na4 Ba6 16. Re1 c4 17. Nd2 Qg5 18. Nxe4 dxe4 19. Qd6 Bb5 20. Nc3 Rad8 21.
Qf4 Qxf4 22. gxf4 Ba6 23. Nxe4 Na5 24. Nc5 Bb5 25. b4 Rc8 26. a4 Bc6 27. Bh3
Rc7 28. bxa5 Bd5 29. e4 1-0

[Event "Elit(Schack 08-Rockaden,Sthlm)"]
[Site "?"]
[Date "2018.11.09"]
[Round "1"]
[White "Salomon, Johan"]
[Black "Laveryd, Peter"]
[Result "1-0"]
[WhiteElo "2477"]
[BlackElo "2368"]
[PlyCount "53"]
1. d4 Nf6 2. c4 c5 3. d5 a6 4. a4 e5 5. Nc3 d6 6. e4 g6 7. a5 Bg7 8. Be2 O-O 9.
Bg5 b5 10. axb6 Qxb6 11. Qc2 a5 12. Nf3 Nh5 13. g3 f5 14. Nh4 f4 15. Rg1 Kh8
16. Nb5 Rf7 17. Bxh5 gxh5 18. gxf4 exf4 19. Ra3 Na6 20. Qd2 Nb4 21. Bxf4 Nc2+
22. Qxc2 Rxf4 23. Rag3 Rg4 24. Rxg4 hxg4 25. Nf5 Bxf5 26. exf5 h5 27. f6 1-0

[Event "Elit(Rockaden,Umea-Eksjo)"]
[Site "?"]
[Date "2018.11.09"]
[Round "1"]
[White "Wickstrom, Lucas"]
[Black "Heberla, Bartlomiej"]
[Result "1/2-1/2"]
[WhiteElo "2356"]
[BlackElo "2537"]
[PlyCount "76"]
1. d4 d5 2. c4 e6 3. Nf3 a6 4. cxd5 exd5 5. Nc3 Nf6 6. Bg5 Be6 7. e3 Nbd7 8.
Bd3 Bd6 9. Qc2 c6 10. O-O Qc7 11. Rfe1 h6 12. Bh4 O-O 13. Bg3 Rfe8 14. Rac1
Rac8 15. Nd2 Bxg3 16. hxg3 Qd6 17. Na4 Rc7 18. a3 Ng4 19. Nf3 Ndf6 20. Nc5 Bc8
21. b4 Rce7 22. Bf5 Bxf5 23. Qxf5 g6 24. Qf4 Qd8 25. Ne5 Nxe5 26. dxe5 Ne4 27.
Nxe4 dxe4 28. Red1 Qc7 29. Qxe4 Rxe5 30. Qf4 h5 31. Rd4 R5e7 32. Qf6 Qe5 33.
Qh4 Kg7 34. Rcd1 Qf6 35. Qh3 Qe6 36. Qh4 Qf6 37. Qh3 Qe6 38. Qh4 Qf6 1/2-1/2

[Event "Elit(Schack 08-Rockaden,Sthlm)"]
[Site "?"]
[Date "2018.11.09"]
[Round "1"]
[White "Ingbrant, Johan"]
[Black "Neiksans, Arturs"]
[Result "1/2-1/2"]
[WhiteElo "2364"]
[BlackElo "2566"]
[PlyCount "116"]
1. Nf3 Nf6 2. g3 b5 3. Bg2 Bb7 4. O-O e6 5. d3 Be7 6. e4 c5 7. a4 b4 8. Nbd2
O-O 9. Nc4 d5 10. exd5 Nxd5 11. Re1 Nc6 12. h4 Rb8 13. Bd2 Bf6 14. Ng5 Nd4 15.
c3 bxc3 16. bxc3 Nf5 17. Ne4 Be7 18. Qe2 Ba8 19. h5 h6 20. Reb1 Qc7 21. Qd1 Bc6
22. Bf3 Rfd8 23. Rxb8 Rxb8 24. Qc2 Rd8 25. a5 Rb8 26. Rb1 Rb5 27. Rxb5 Bxb5 28.
Qa2 Bf8 29. Bd1 Ba6 30. Qa4 Qb8 31. Qb3 Qd8 32. Be2 Qc7 33. Qa3 Qb8 34. Qb2 Qd8
35. Qa2 Qc8 36. Qb3 Qc7 37. Qa3 Bc8 38. Qb3 Bd7 39. Bd1 Nfe7 40. Qa3 Nc6 41.
Nxc5 Ne5 42. Nxe5 Bxc5 43. Qb2 Qxe5 44. d4 Qe4 45. dxc5 Ne3 46. Bxe3 Bc6 47. f3
Qxe3+ 48. Kg2 Qxc5 49. Qb4 Qxh5 50. Qb8+ Kh7 51. Qxa7 Qd5 52. Be2 Qd2 53. Kf2
Qxc3 54. Qxf7 Qc5+ 55. Kf1 Qc1+ 56. Kf2 Qc5+ 57. Kf1 Qc1+ 58. Kf2 Qc5+ 1/2-1/2

[Event "Elit(Rockaden,Umea-Eksjo)"]
[Site "?"]
[Date "2018.11.09"]
[Round "1"]
[White "Ornstein, Axel"]
[Black "Malmstig, Erik"]
[Result "1-0"]
[WhiteElo "2306"]
[BlackElo "2309"]
[PlyCount "69"]
[SourceDate "2018.11.13"]
1. e4 c5 2. Nf3 e6 3. d4 cxd4 4. Nxd4 a6 5. c4 Nf6 6. Nc3 d6 7. Be2 b6 8. f4
Bb7 9. Bf3 Qc7 10. Qe2 h5 11. e5 dxe5 12. Bxb7 Qxb7 13. fxe5 Nfd7 14. Bg5 Bb4
15. O-O-O Bxc3 16. bxc3 Nc6 17. Nxc6 Qxc6 18. Rd6 Qc5 19. Rhd1 Ra7 20. Qd3 Qc8
21. Rxe6+ fxe6 22. Qg6+ Kf8 23. Rf1+ Nf6 24. exf6 Kg8 25. f7+ Kf8 26. Bf4 Ke7
27. Bg5+ Kf8 28. Bf4 Ke7 29. Qxg7 Rf8 30. Bh6 Rc7 31. Qf6+ Kd7 32. Rd1+ Kc6 33.
Qf3+ Kc5 34. Rd5+ Kc6 35. Rd8+ 1-0

[Event "Elit(Schack 08-Rockaden,Sthlm)"]
[Site "?"]
[Date "2018.11.09"]
[Round "1"]
[White "Barkhagen, Jonas"]
[Black "Renman, Nils-Gustaf"]
[Result "1/2-1/2"]
[WhiteElo "2436"]
[BlackElo "2349"]
[PlyCount "59"]
1. d4 d5 2. c4 c6 3. Nf3 Nf6 4. Nc3 e6 5. Bg5 h6 6. Bxf6 Qxf6 7. e3 Nd7 8. Bd3
g6 9. e4 dxe4 10. Nxe4 Bb4+ 11. Ke2 Qd8 12. c5 O-O 13. h4 Ba5 14. Qc1 Kg7 15.
h5 g5 16. Nexg5 hxg5 17. Nxg5 Nf6 18. Rh4 Bc7 19. Nf3 Rh8 20. h6+ Kf8 21. h7
Nd5 22. Qh6+ Ke7 23. Qg5+ Kd7 24. Ne5+ Bxe5 25. Qxe5 Qxh4 26. Qxh8 Nf4+ 27. Ke3
Nd5+ 28. Ke2 Nf4+ 29. Ke3 Nd5+ 30. Ke2 1/2-1/2